000
00325 a2200109 4500
001
ART_24827
005
20260410161934.0
008
260409a
245
1
0
_a
Los nuevos principios de diseño organizacional
100
1
_a
Drucker, Peter Ferdinand
773
0
_t
Gestión
_g
- Nº 6 (abr./mayo 1974)
_w
REV24740
999
_c
28877
_d
28877